LDR 00790naa#a2200157#i#450# 001 RU\\bibl\20188 005 20260701202337.3 100 ## _a20260630b2026####ek#y0rusy0150####ca 102 ## _aRU 200 1# _aИМИТАЦИЯ НАГРУЗКИ НА САЙТ ВУЗА В ДЕНЬ ПРИКАЗА О ЗАЧИСЛЕНИИ _eСтатья/тезисы конференции 210 1# _aВоронеж _cВоронежский государственный лесотехнический университет имени Г.Ф. Морозова _d2026 215 ## _a4 с. 608 ## _aСтатья/тезисы конференции _2local 675 ## _aПрикладные информационные (компьютерные) технологии. 004.9 _z 700 #1 _aКосых _gВ. Д. 856 4# _abibl.vgltu.ru _u